How it works incorporating complete : (Record no. 183151)

000 -LEADER
fixed length control field 01141 a2200181 4500
003 - CONTROL NUMBER IDENTIFIER
control field Nust
005 - DATE AND TIME OF LATEST TRANSACTION
control field 20221220112511.0
040 ## - CATALOGING SOURCE
Transcribing agency Nust
082 ## - DEWEY DECIMAL CLASSIFICATION NUMBER
Classification number 621.384,RID
100 ## - MAIN ENTRY--PERSONAL NAME
Personal name John F Rider
9 (RLIN) 105310
245 ## - TITLE STATEMENT
Title How it works incorporating complete :
Remainder of title index for perpetual trouble shooter's manual /
Statement of responsibility, etc. John F Rider
260 ## - PUBLICATION, DISTRIBUTION, ETC.
Place of publication, distribution, etc. New York
Name of publisher, distributor, etc. John F Rider Publisher
Date of publication, distribution, etc. 1947
300 ## - PHYSICAL DESCRIPTION
Extent 300 p
Other physical details illus
Dimensions 26 cm
505 ## - FORMATTED CONTENTS NOTE
Formatted contents note Aligning Without Manufacturer Data (Page-1), The Double Superheterodyne (Page-14), Home Recording Features (Page-23), Biasing Methods (Page-35), Neutralization (Page-39), Parasitic Resistors (Page-43), General Discussion of Superheterodyne Oscillators (Page-47), Tuning Assemblies (Page-67), Control Circuits (Page-73), Gimmicks (Page-84), Filtering Action (Page-93), Radio Frequency Coupling (Page-98), Mechanical Arrangements of if Transformers in Recent Receivers (Page-132), Phase Inversion in Push Pull Amplifiers (Page-147), Fm Circuit Features (Page-161).
600 ## - SUBJECT ADDED ENTRY--PERSONAL NAME
Personal name John F Rider
9 (RLIN) 105310
650 ## - SUBJECT ADDED ENTRY--TOPICAL TERM
Topical term or geographic name entry element How it works incorporating complete index for perpetual trouble shooter's manual
9 (RLIN) 105311
942 ## - ADDED ENTRY ELEMENTS (KOHA)
Source of classification or shelving scheme
Koha item type Book
Holdings
Withdrawn status Lost status Source of classification or shelving scheme Damaged status Not for loan Permanent Location Current Location Shelving location Date acquired Full call number Barcode Date last seen Price effective from Koha item type Public note
          Military College of Signals (MCS) Military College of Signals (MCS) General Stacks 12/12/2016 621.384,RID MCS7087 12/08/2016 12/12/2016 Book Almirah No.38, Shelf No.4
© 2023 Central Library, National University of Sciences and Technology. All Rights Reserved.